Feeding of urea-ammonia treated rice straw
Wedi'i Gadw mewn:
| Prif Awdur: | |
|---|---|
| Fformat: | Llyfr |
| Iaith: | Undetermined |
| Cyhoeddwyd: |
Wageningen
Pudoc
1989
|
| Pynciau: | |
| Tagiau: |
Ychwanegu Tag
Dim Tagiau, Byddwch y cyntaf i dagio'r cofnod hwn!
|
| Thư viện lưu trữ: | Trung tâm Học liệu Trường Đại học Cần Thơ |
|---|
| LEADER | 00521nam a2200181Ia 4500 | ||
|---|---|---|---|
| 001 | CTU_38930 | ||
| 008 | 210402s9999 xx 000 0 und d | ||
| 082 | |a 636.86 | ||
| 082 | |b S332 | ||
| 100 | |a J B Schiere | ||
| 245 | 0 | |a Feeding of urea-ammonia treated rice straw | |
| 245 | 0 | |c J B Schiere, M N M Ibrahim | |
| 260 | |a Wageningen | ||
| 260 | |b Pudoc | ||
| 260 | |c 1989 | ||
| 650 | |a livestock - feeding and feeds,rice production | ||
| 904 | |i Liên, 000515 | ||
| 980 | |a Trung tâm Học liệu Trường Đại học Cần Thơ | ||